MARC details
| 000 -CABECERA |
| campo de control de longitud fija |
03673nam a2200313 i 4500 |
| 001 - NÚMERO DE CONTROL |
| campo de control |
Rebiun35535758 |
| 007 - CAMPO FIJO DE DESCRIPCIÓN FÍSICA--INFORMACIÓN GENERAL |
| campo de control de longitud fija |
ta |
| 008 - DATOS DE LONGITUD FIJA--INFORMACIÓN GENERAL |
| campo de control de longitud fija |
240125s2024 sp a r 001 0 spa |
| 017 ## - NÚMERO DE COPYRIGHT O DE DEPÓSITO LEGAL |
| Número de copyright o de depósito legal |
B 17600-2024, |
| Agencia que asigna |
Biblioteca de Catalunya |
| 020 ## - NÚMERO INTERNACIONAL ESTÁNDAR DEL LIBRO |
| Número Internacional Estándar del Libro |
9788433921949 |
| 040 ## - FUENTE DE LA CATALOGACIÓN |
| Centro catalogador/agencia de origen |
UGR |
| Normas de descripción |
rda |
| Centro/agencia transcriptor |
tbs |
| 041 1# - CÓDIGO DE LENGUA |
| Código de lengua del texto/banda sonora o título independiente |
Spanish |
| Código de lengua original |
English |
| 100 ## - ENTRADA PRINCIPAL--NOMBRE DE PERSONA |
| Nombre de persona |
Eagleman, David |
| Término indicativo de función/relación |
author |
| 9 (RLIN) |
11157 |
| 240 10 - TÍTULO UNIFORME |
| Título uniforme |
Livewired. |
| Lenguaje de la obra |
Spanish |
| 245 14 - MENCIÓN DE TÍTULO |
| Título |
Una red viva |
| Resto del título |
: la historia interna de nuestro cerebro en cambio permanente |
| Mención de responsabilidad, etc. |
/ David Eagleman; traducción de Damiá Alou |
| 250 ## - MENCIÓN DE EDICIÓN |
| Mención de edición |
First edition |
| 264 #1 - PRODUCCIÓN, PUBLICACIÓN, DISTRIBUCIÓN, FABRICACIÓN Y COPYRIGHT |
| Producción, publicación, distribución, fabricación y copyright |
Barcelona : |
| Nombre del de productor, editor, distribuidor, fabricante |
Editorial Anagrama, |
| Fecha de producción, publicación, distribución, fabricación o copyright |
2024 |
| 264 #1 - PRODUCCIÓN, PUBLICACIÓN, DISTRIBUCIÓN, FABRICACIÓN Y COPYRIGHT |
| Producción, publicación, distribución, fabricación y copyright |
2024 |
| 300 ## - DESCRIPCIÓN FÍSICA |
| Extensión |
414 pages: |
| Otras características físicas |
illustrations ; |
| Dimensiones |
22 cm |
| 490 ## - MENCIÓN DE SERIE |
| Mención de serie |
Argumentos ; |
| Designación de volumen o secuencia |
600 |
| 500 ## - NOTA GENERAL |
| Nota general |
Includes bibliographical references (pages 309–369) and suggested further reading (pages 371–389). |
| 520 2# - SUMARIO, ETC. |
| Sumario, etc. |
Un fascinante viaje a la infinita capacidad de aprendizaje, remodelación y autorregeneración del cerebro.<br/><br/>El cerebro y sus misterios, el cerebro y sus maravillas. David Eagleman, prestigioso neurocientífico y profesor de la Universidad de Stanford, nos ofrece en este libro una nueva exploración sobre este órgano: un recorrido fascinante en torno a la plasticidad del cerebro, capaz de mudar para adaptarse a condiciones cambiantes.<br/><br/>Expone, por ejemplo, el caso de un niño al que deben extirparle la mitad del cerebro y se comprueba cómo la mitad restante se reconfigura para amoldarse a la nueva situación. O el caso del cerebro de las personas ciegas, que se adecua a esta limitación y potencia los otros sentidos. O el de las personas con una prótesis a cuya presencia se acomoda el cerebro. La actividad cerebral se reacondiciona de forma permanente para afrontar nuevas circunstancias y nuevos aprendizajes.<br/><br/>Con la ya contrastada capacidad del autor para explicar de manera clara y apasionante el complejo mapa cerebral, este libro presenta casos históricos (como el del miembro fantasma del almirante Nelson) y contemporáneos, y explica experimentos punteros que nos hablan de los últimos avances en la ciencia del cerebro. Incluso se adentra en el futuro, con los sorprendentes progresos en las conexiones entre cerebro y robótica. |
| 520 2# - SUMARIO, ETC. |
| Sumario, etc. |
A fascinating journey into the brain’s remarkable capacity for learning, adaptation, and self-renewal.<br/><br/>The brain and its mysteries, the brain and its wonders. In this compelling book, renowned neuroscientist and Stanford University professor David Eagleman offers a fresh exploration of the brain: a captivating journey through its astonishing plasticity—the ability to reshape itself in response to changing conditions.<br/><br/>He presents cases such as that of a child who undergoes the removal of half his brain, only for the remaining half to reorganise and take over the lost functions. Or the case of blind individuals whose brains adapt by enhancing other senses. Or those with prosthetic limbs, whose brains adjust to incorporate these artificial extensions. The brain, Eagleman explains, continuously reconditions itself to meet new challenges and learn anew.<br/><br/>With his well-known gift for making complex science clear and enthralling, Eagleman draws on both historical examples—such as Admiral Nelson’s phantom limb—and cutting-edge research, revealing the latest breakthroughs in neuroscience. He even looks ahead to the future, where surprising advances in brain–machine interfaces promise to transform our understanding of what the brain can do. |
| 650 #0 - PUNTO DE ACCESO ADICIONAL DE MATERIA--TÉRMINO DE MATERIA |
| Término de materia o nombre geográfico como elemento de entrada |
Brain |
| 9 (RLIN) |
9635 |
| 650 #0 - PUNTO DE ACCESO ADICIONAL DE MATERIA--TÉRMINO DE MATERIA |
| Término de materia o nombre geográfico como elemento de entrada |
Neurobiology |
| 9 (RLIN) |
25542 |
| 650 #0 - PUNTO DE ACCESO ADICIONAL DE MATERIA--TÉRMINO DE MATERIA |
| Término de materia o nombre geográfico como elemento de entrada |
Neurosciences |
| 9 (RLIN) |
11153 |
| 700 ## - ENTRADA AGREGADA--NOMBRE PERSONAL |
| Nombre de persona |
Alou, Damián |
| Término indicativo de función/relación |
translator |
| 9 (RLIN) |
25543 |
| 942 ## - ELEMENTOS DE ENTRADA AGREGADA (KOHA) |
| Fuente del sistema de clasificación o colocación |
Clasificación de Library of Congress |